[Event "CCM4 - 11. ORDIX Open"]
[Site "Mainz"]
[Date "2004.??.??"]
[Round "8"]
[White "Bacrot, Etienne"]
[Black "Georgiev, Kiril"]
[Result "1/2-1/2"]
[WhiteElo "2712"]
[BlackElo "2626"]
[PlyCount "169"]
[EventDate "2004.??.??"]
[EventType "rapid"]
[EventCountry "GER"]
[Source "Mike Rosa"]
[SourceDate "2009.01.01"]

1. Nf3 Nf6 2. g3 d5 3. Bg2 c6 4. O-O Bg4 5. b3 e6 6. Bb2 Be7 7. d3 O-O 8. Nbd2
c5 9. Ne5 Bh5 10. c4 Nbd7 11. Nef3 Qc7 12. cxd5 Nxd5 13. Rc1 Rac8 14. d4 Qb8
15. Ne4 Rfd8 16. dxc5 Nxc5 17. Nxc5 Rxc5 18. Rxc5 Bxc5 19. Qc1 Be7 20. Rd1 h6
21. h3 Rc8 22. Qa1 Bf6 23. Bxf6 Nxf6 24. g4 Bg6 25. Ne5 Be4 26. Nd7 Nxd7 27.
Bxe4 Nf6 28. Bf3 b6 29. Qd4 e5 30. Qd3 Qc7 31. Bg2 g6 32. e3 Kg7 33. a4 Qe7 34.
Qd2 Qa3 35. Qd3 Qb4 36. Qb5 Qc3 37. Qd3 Qb2 38. Rd2 Qc3 39. Qxc3 Rxc3 40. Rb2
Kf8 41. Kf1 Ke7 42. Ke2 Rc1 43. Kd2 Rc7 44. Ra2 Nd7 45. b4 Rc4 46. Rb2 Kd6 47.
Kd3 Rc1 48. Rc2 Rxc2 49. Kxc2 a5 50. Kc3 axb4+ 51. Kxb4 Nf6 52. Kb5 Kc7 53. Bc6
g5 54. e4 h5 55. gxh5 Nxh5 56. Be8 Nf4 57. Bxf7 Nxh3 58. f3 Ng1 59. Bh5 Ne2 60.
Kc4 Kd6 61. Kb5 Kc7 62. Kc4 Kc6 63. Be8+ Kd6 64. Kb5 Kc7 65. Kc4 Kd6 66. Kb5
Kc7 67. Kc4 Nd4 68. Kd5 Nxf3 69. Bh5 Ne1 70. Kxe5 Nd3+ 71. Kf5 Kd6 72. Kxg5 Ke5
73. Be8 Kxe4 74. Kf6 Kd5 75. Ke7 Nc5 76. Bb5 Nb7 77. Kd7 Kc5 78. Kc7 Nd6 79.
Bd7 Ne4 80. Be8 Nc3 81. Kb7 Nd5 82. Bd7 Nf6 83. Bb5 Ne4 84. Ka6 Nd6 85. a5
1/2-1/2

[Event "CCM4 - 11. ORDIX Open"]
[Site "Mainz"]
[Date "2004.??.??"]
[Round "8"]
[White "Baklan, Vladimir"]
[Black "Nielsen, Peter Heine"]
[Result "1/2-1/2"]
[WhiteElo "2595"]
[BlackElo "2652"]
[PlyCount "34"]
[EventDate "2004.??.??"]
[EventType "rapid"]
[EventCountry "GER"]
[Source "Mike Rosa"]
[SourceDate "2009.01.01"]

1. e4 e5 2. Nf3 Nf6 3. Nxe5 d6 4. Nf3 Nxe4 5. d4 d5 6. Bd3 Nc6 7. O-O Be7 8. c4
Nb4 9. Be2 O-O 10. a3 Nc6 11. cxd5 Qxd5 12. Nc3 Nxc3 13. bxc3 Na5 14. Re1 Bd6
15. Be3 b5 16. Ne5 Bb7 17. Bf3 Qe6 1/2-1/2

[Event "CCM4 - 11. ORDIX Open"]
[Site "Mainz"]
[Date "2004.??.??"]
[Round "8"]
[White "Rublevsky, Sergei"]
[Black "Grischuk, Alexander"]
[Result "1/2-1/2"]
[WhiteElo "2655"]
[BlackElo "2720"]
[PlyCount "39"]
[EventDate "2004.??.??"]
[EventType "rapid"]
[EventCountry "GER"]
[Source "Mike Rosa"]
[SourceDate "2009.01.01"]

1. e4 c5 2. Nf3 Nc6 3. Bb5 g6 4. Bxc6 dxc6 5. d3 Bg7 6. h3 Nf6 7. Nc3 Nd7 8.
Be3 e5 9. Qd2 h6 10. O-O Qe7 11. a3 Nf8 12. b4 Ne6 13. bxc5 Nxc5 14. Ne2 Ne6
15. Qb4 Qc7 16. a4 Bf8 17. Qb2 Bg7 18. Qb4 Bf8 19. Qb2 Bg7 20. Qb4 1/2-1/2

[Event "CCM4 - 11. ORDIX Open"]
[Site "Mainz"]
[Date "2004.??.??"]
[Round "8"]
[White "Sadvakasov, Darmen"]
[Black "Graf, Alexander"]
[Result "1-0"]
[WhiteElo "2626"]
[BlackElo "2661"]
[PlyCount "69"]
[EventDate "2004.??.??"]
[EventType "rapid"]
[EventCountry "GER"]
[Source "Mike Rosa"]
[SourceDate "2009.01.01"]

1. e4 e5 2. Nf3 Nc6 3. Bb5 a6 4. Ba4 Nf6 5. O-O Be7 6. Re1 b5 7. Bb3 d6 8. c3
O-O 9. d4 Bg4 10. Be3 exd4 11. cxd4 d5 12. e5 Ne4 13. Nc3 Bb4 14. Nxe4 dxe4 15.
Qc2 exf3 16. Qxc6 Bxe1 17. Rxe1 Qd7 18. Qxd7 Bxd7 19. d5 c6 20. e6 Bc8 21. e7
Re8 22. d6 fxg2 23. Bc5 a5 24. a3 Rb8 25. Re3 b4 26. a4 Bf5 27. Rf3 g6 28. Rxf5
gxf5 29. d7 Kg7 30. Bd1 Kf6 31. dxe8=Q Rxe8 32. Bf3 Rxe7 33. Bxe7+ Kxe7 34.
Bxc6 Kd6 35. Be8 1-0

[Event "CCM4 - 11. ORDIX Open"]
[Site "Mainz"]
[Date "2004.??.??"]
[Round "9"]
[White "Dautov, Rustem"]
[Black "Bologan, Viktor"]
[Result "1-0"]
[WhiteElo "2624"]
[BlackElo "2663"]
[PlyCount "114"]
[EventDate "2004.??.??"]
[EventType "rapid"]
[EventCountry "GER"]
[Source "Mike Rosa"]
[SourceDate "2009.01.01"]

1. d4 Nf6 2. c4 g6 3. g3 Bg7 4. Bg2 O-O 5. Nc3 d6 6. Nf3 Nc6 7. O-O a6 8. e4
Bg4 9. Be3 Nd7 10. Ne2 Bxf3 11. Bxf3 Na5 12. Rc1 c5 13. b3 Nc6 14. d5 Nb4 15.
a3 Nd3 16. Qxd3 Ne5 17. Qc2 Nxf3+ 18. Kg2 Ne5 19. Nc3 Ng4 20. Bd2 e6 21. h3 Nf6
22. Qd3 exd5 23. Nxd5 Nxd5 24. Qxd5 Qb6 25. b4 Bb2 26. Rb1 Bxa3 27. bxc5 Qxc5
28. Rxb7 a5 29. Rxf7 Qxd5 30. Rxf8+ Kxf8 31. cxd5 a4 32. Ra1 Bc5 33. Kf3 a3 34.
Be3 Bb4 35. Bd4 Ra4 36. Ke3 Ke7 37. Kd3 Bc5 38. Bxc5 dxc5 39. Ra2 Kd6 40. f3
Ke5 41. h4 h6 42. Kc3 g5 43. Kb3 Rb4+ 44. Kxa3 g4 45. f4+ Kxe4 46. Rd2 Rb8 47.
d6 Ke3 48. Rd1 Kf2 49. d7 Rd8 50. f5 Kxg3 51. f6 Kf2 52. f7 g3 53. Kb3 g2 54.
Kc4 Ke3 55. Rg1 Kf2 56. Rc1 Kg3 57. f8=Q Kxh4 1-0

[Event "CCM4 - 11. ORDIX Open"]
[Site "Mainz"]
[Date "2004.??.??"]
[Round "9"]
[White "Grischuk, Alexander"]
[Black "Sadvakasov, Darmen"]
[Result "1/2-1/2"]
[WhiteElo "2720"]
[BlackElo "2626"]
[PlyCount "155"]
[EventDate "2004.??.??"]
[EventType "rapid"]
[EventCountry "GER"]
[Source "Mike Rosa"]
[SourceDate "2009.01.01"]

1. e4 c5 2. Nf3 d6 3. d4 cxd4 4. Nxd4 Nf6 5. Nc3 a6 6. f3 e5 7. Nb3 Be6 8. Be3
Be7 9. Qd2 O-O 10. O-O-O Nbd7 11. g4 Qc7 12. Kb1 b5 13. g5 Nh5 14. Nd5 Bxd5 15.
exd5 Nb6 16. Na5 Nxd5 17. Qxd5 Qxa5 18. Rg1 g6 19. Bd3 Rfe8 20. c4 Rab8 21.
cxb5 axb5 22. Rg4 Ng7 23. f4 Bf8 24. Rf1 e4 25. Bxe4 Nf5 26. Bd2 Qc7 27. Rc1
Qd7 28. Rgg1 b4 29. Rge1 Ne7 30. Qd3 d5 31. Bg2 Bg7 32. Bh3 Qd6 33. Re2 Red8
34. Be3 d4 35. Bd2 Nd5 36. Ka1 Nxf4 37. Bxf4 Qxf4 38. Rg1 Re8 39. Kb1 Re3 40.
Rxe3 dxe3 41. Qc2 Re8 42. Bd7 Qf2 43. Rc1 Rd8 44. Qxf2 exf2 45. Bb5 Rd5 46. Bf1
Rxg5 47. Rd1 Rg1 48. a4 bxa3 49. bxa3 Rg4 50. Kc2 Be5 51. Kb3 Bxh2 52. a4 Re4
53. a5 Re1 54. Kc2 Rxd1 55. Kxd1 Bc7 56. a6 Bb6 57. Ke2 Kg7 58. Kf3 h5 59. Kf4
Ba7 60. Kg5 f6+ 61. Kf4 Kh6 62. Bd3 f5 63. Bf1 h4 64. Bh3 Kh5 65. Bf1 Bb6 66.
Bh3 Ba7 67. Bf1 Kh6 68. Bh3 Kg7 69. Kg5 Be3+ 70. Kxh4 Kf6 71. Kg3 g5 72. Bf1 g4
73. Bd3 Kg5 74. Kg2 f4 75. Be4 Ba7 76. Kf1 Kh4 77. Bb7 f3 78. Bxf3 1/2-1/2

[Event "CCM4 - 11. ORDIX Open"]
[Site "Mainz"]
[Date "2004.??.??"]
[Round "9"]
[White "Morozevich, Alexander"]
[Black "Baklan, Vladimir"]
[Result "1-0"]
[WhiteElo "2743"]
[BlackElo "2595"]
[PlyCount "47"]
[EventDate "2004.??.??"]
[EventType "rapid"]
[EventCountry "GER"]
[Source "Mike Rosa"]
[SourceDate "2009.01.01"]

1. e4 c5 2. b3 d6 3. f4 Nc6 4. Nf3 Nf6 5. Nc3 g6 6. Bb2 Bg7 7. Qe2 Nd4 8. Qd3
e5 9. Nb5 O-O 10. Nxd6 exf4 11. Nxd4 cxd4 12. Ba3 Ng4 13. Qf3 Qh4+ 14. g3 Nxh2
15. Qxf4 Qxf4 16. gxf4 Nxf1 17. Kxf1 Rd8 18. Ke2 Bg4+ 19. Kd3 Rd7 20. Rag1 h5
21. Rxg4 hxg4 22. Rg1 a5 23. Rxg4 a4 24. Bb4 {Transmission interrupted; White
won later.} 1-0

[Event "CCM4 - 11. ORDIX Open"]
[Site "Mainz"]
[Date "2004.??.??"]
[Round "9"]
[White "Vaganian, Rafael"]
[Black "Rublevsky, Sergei"]
[Result "1-0"]
[WhiteElo "2642"]
[BlackElo "2655"]
[PlyCount "107"]
[EventDate "2004.??.??"]
[EventType "rapid"]
[EventCountry "GER"]
[Source "Mike Rosa"]
[SourceDate "2009.01.01"]

1. Nf3 d5 2. g3 Bg4 3. Bg2 Nd7 4. O-O Ngf6 5. d3 e5 6. Nbd2 Be7 7. e4 dxe4 8.
dxe4 O-O 9. h3 Bh5 10. Qe1 c6 11. a4 Re8 12. Nc4 Bf8 13. Bg5 Qc7 14. a5 Bxf3
15. Bxf3 b5 16. axb6 axb6 17. Qc3 Be7 18. Bxf6 Bxf6 19. Rxa8 Rxa8 20. Rd1 Nf8
21. Ne3 Ne6 22. Ng4 Nd4 23. Nxf6+ gxf6 24. Bg4 Rd8 25. Ra1 Kg7 26. Kg2 c5 27.
Bd1 Qc6 28. Qe3 c4 29. c3 Ne6 30. Bg4 Nc5 31. Bf5 Ra8 32. Rb1 Nd3 33. Qf3 Qc5
34. b4 Qf8 35. Qe2 Ra3 36. h4 h6 37. Qd2 Qa8 38. Rf1 b5 39. Qe2 Ra2 40. Qg4+
Kf8 41. Bd7 Qa7 42. Qf5 Qb6 43. Bc8 h5 44. Bd7 Ke7 45. Bc8 Qc7 46. g4 Nf4+ 47.
Kg3 Qd6 48. g5 Qd3+ 49. Kh2 Kd8 50. gxf6 Rd2 51. Ba6 Ne6 52. Qxe5 Qxf1 53. Qb8+
Kd7 54. Bxb5# 1-0

[Event "CCM4 - 11. ORDIX Open"]
[Site "Mainz"]
[Date "2004.??.??"]
[Round "10"]
[White "Bacrot, Etienne"]
[Black "Kritz, Leonid"]
[Result "1/2-1/2"]
[WhiteElo "2712"]
[BlackElo "2541"]
[PlyCount "117"]
[EventDate "2004.??.??"]
[EventType "rapid"]
[EventCountry "GER"]
[Source "Mike Rosa"]
[SourceDate "2009.01.01"]

1. d4 Nf6 2. Nf3 g6 3. c4 Bg7 4. Nc3 O-O 5. e4 d6 6. Be2 e5 7. d5 a5 8. O-O Na6
9. Nd2 Nc5 10. Rb1 Nfd7 11. b3 f5 12. a3 Nf6 13. b4 axb4 14. axb4 Ncxe4 15.
Ndxe4 Nxe4 16. Nxe4 fxe4 17. Be3 Qh4 18. Qd2 Bg4 19. Bxg4 Qxg4 20. Ra1 h5 21.
h3 Qd7 22. Qc2 Kh7 23. c5 Bh6 24. Bxh6 Kxh6 25. Qxe4 Rxa1 26. Rxa1 Rf4 27. Qc2
dxc5 28. Qxc5 Qd6 29. Rc1 Rxb4 30. Qxc7 Qxc7 31. Rxc7 Rd4 32. Rxb7 Rxd5 33. h4
Rd6 34. Re7 Rd5 35. g3 Ra5 36. Kg2 Rb5 37. Kf3 Ra5 38. Ke4 Ra2 39. Rf7 Ra5 40.
f3 Ra4+ 41. Kxe5 Ra5+ 42. Ke4 Ra4+ 43. Ke5 Ra5+ 44. Kf6 Ra6+ 45. Ke7 Ra7+ 46.
Ke6 Ra6+ 47. Kd5 Ra5+ 48. Kd4 Ra4+ 49. Ke3 Ra3+ 50. Ke2 Ra2+ 51. Kf1 Ra1+ 52.
Kg2 Ra2+ 53. Kh3 Ra3 54. g4 hxg4+ 55. Kxg4 Ra4+ 56. Rf4 Rxf4+ 57. Kxf4 Kh5 58.
Kg3 g5 59. hxg5 1/2-1/2

[Event "CCM4 - 11. ORDIX Open"]
[Site "Mainz"]
[Date "2004.??.??"]
[Round "10"]
[White "Dautov, Rustem"]
[Black "Nielsen, Peter Heine"]
[Result "1-0"]
[WhiteElo "2624"]
[BlackElo "2652"]
[PlyCount "103"]
[EventDate "2004.??.??"]
[EventType "rapid"]
[EventCountry "GER"]
[Source "Mike Rosa"]
[SourceDate "2009.01.01"]

1. d4 Nf6 2. c4 e6 3. Nc3 Bb4 4. Bd2 O-O 5. Nf3 d5 6. e3 c5 7. a3 Bxc3 8. Bxc3
Ne4 9. Rc1 Nxc3 10. Rxc3 cxd4 11. Qxd4 Nc6 12. Qd2 dxc4 13. Qxd8 Rxd8 14. Bxc4
Bd7 15. Ke2 Rac8 16. Rhc1 Kf8 17. Bd3 Ke7 18. b4 Nb8 19. Rc7 Kd6 20. Rxc8 Rxc8
21. Rxc8 Bxc8 22. Bxh7 g6 23. h4 Ke7 24. h5 gxh5 25. Nd4 Nd7 26. Nb5 a6 27. Na7
Nb6 28. Be4 Kd8 29. Nxc8 Kxc8 30. g3 Nd7 31. Kf3 Nf6 32. Kf4 Nxe4 33. Kxe4 Kd7
34. Kf4 f6 35. e4 Ke7 36. e5 Kf7 37. a4 b6 38. b5 axb5 39. axb5 Kg6 40. exf6
Kxf6 41. Ke4 Kg5 42. f3 Kf6 43. f4 Kf7 44. Ke5 Ke7 45. f5 exf5 46. Kxf5 Kd6 47.
Kg5 Kc5 48. Kxh5 Kxb5 49. g4 Kc6 50. g5 Kd7 51. g6 Ke7 52. Kh6 1-0

[Event "CCM4 - 11. ORDIX Open"]
[Site "Mainz"]
[Date "2004.??.??"]
[Round "10"]
[White "Greenfeld, Alon"]
[Black "Almasi, Zoltan"]
[Result "1-0"]
[WhiteElo "2555"]
[BlackElo "2644"]
[PlyCount "51"]
[EventDate "2004.??.??"]
[EventType "rapid"]
[EventCountry "GER"]
[Source "Mike Rosa"]
[SourceDate "2009.01.01"]

1. Nf3 Nf6 2. c4 b6 3. d4 e6 4. g3 Ba6 5. Qb3 Nc6 6. Nbd2 Bb7 7. e4 d5 8. cxd5
exd5 9. e5 Ne4 10. Bd3 Be7 11. O-O O-O 12. Re1 f5 13. exf6 Nxf6 14. a3 Kh8 15.
Qc2 Ne4 16. Bb5 Nxd4 17. Nxd4 Bc5 18. Nxe4 Bxd4 19. Bg5 Qc8 20. Rad1 dxe4 21.
Rxd4 Qf5 22. Be7 Rf7 23. Bd7 Qg6 24. Qxc7 e3 25. fxe3 Bf3 26. Be6 1-0

[Event "CCM4 - 11. ORDIX Open"]
[Site "Mainz"]
[Date "2004.??.??"]
[Round "11"]
[White "Euler, Gerd"]
[Black "Zvjaginsev, Vadim"]
[Result "0-1"]
[WhiteElo "2363"]
[BlackElo "2650"]
[PlyCount "112"]
[EventDate "2004.??.??"]
[EventType "rapid"]
[EventCountry "GER"]
[Source "Mike Rosa"]
[SourceDate "2009.01.01"]

1. e4 c5 2. Nf3 g6 3. c3 d5 4. exd5 Qxd5 5. d4 Bg7 6. Be2 Nf6 7. dxc5 Qxc5 8.
Be3 Qc7 9. Na3 Nc6 10. Nb5 Qb8 11. O-O O-O 12. h3 Rd8 13. Qc1 Nd5 14. Bg5 a6
15. Nbd4 Nxd4 16. Nxd4 Bxd4 17. cxd4 Qd6 18. Bf3 f6 19. Bh6 Be6 20. Re1 Rac8
21. Qd2 Bf7 22. Qe2 Rc7 23. Rac1 Rdc8 24. Rxc7 Rxc7 25. g3 b5 26. h4 Qb4 27.
Rd1 Qc4 28. Qe1 Qb4 29. Qe2 Qa4 30. h5 Qxa2 31. Be4 Nc3 32. Qf3 Nxe4 33. Qxe4
Qd5 34. Qxd5 Bxd5 35. Rc1 Rxc1+ 36. Bxc1 gxh5 37. Kf1 a5 38. Bd2 b4 39. Ke2 Kf7
40. Ke3 Ke6 41. Kf4 Kd7 42. Ke3 Kc6 43. Kd3 Kb5 44. Bh6 Ka4 45. Kc2 Be4+ 46.
Kc1 Kb3 47. Bf8 e6 48. Be7 f5 49. d5 exd5 50. Bf6 Kc4 51. Kd2 d4 52. Bd8 a4 53.
Be7 Kb3 54. Kc1 a3 55. bxa3 bxa3 56. Bf6 Kc3 0-1

[Event "CCM5 - 12. ORDIX Open"]
[Site "Mainz"]
[Date "2005.??.??"]
[Round "1"]
[White "Aronian, Levon"]
[Black "Schricker, Jochen"]
[Result "1-0"]
[WhiteElo "2724"]
[BlackElo "2134"]
[PlyCount "47"]
[EventDate "2005.??.??"]
[EventType "rapid"]
[EventCountry "GER"]
[Source "Mike Rosa"]
[SourceDate "2009.01.01"]

1. d4 Nf6 2. c4 c5 3. d5 b5 4. cxb5 a6 5. e3 g6 6. Nc3 Bg7 7. Nf3 O-O 8. a4 Bb7
9. e4 Qa5 10. Bd2 Qb4 11. Bd3 c4 12. Bc2 d6 13. a5 axb5 14. Na4 c3 15. Bxc3 Qc4
16. Nb6 Qc7 17. Nxa8 Bxa8 18. O-O Na6 19. Qe2 Nc5 20. Rfc1 Qd7 21. b4 Na6 22.
Bd3 Rb8 23. Nd4 Ne8 24. Bxb5 1-0

[Event "CCM5 - 12. ORDIX Open"]
[Site "Mainz"]
[Date "2005.??.??"]
[Round "1"]
[White "Bacrot, Etienne"]
[Black "Brendel, Bergit"]
[Result "1-0"]
[WhiteElo "2729"]
[BlackElo "2061"]
[PlyCount "79"]
[EventDate "2005.??.??"]
[EventType "rapid"]
[EventCountry "GER"]
[Source "Mike Rosa"]
[SourceDate "2009.01.01"]

1. d4 Nf6 2. c4 g6 3. Nc3 Bg7 4. e4 d6 5. Nf3 O-O 6. Be2 Bg4 7. O-O Nc6 8. Be3
Bxf3 9. Bxf3 e5 10. d5 Ne7 11. c5 Ne8 12. Be2 f5 13. f3 f4 14. Bf2 g5 15. Qb3
b6 16. cxd6 Nxd6 17. Nb5 Kh8 18. Rfc1 Nxb5 19. Bxb5 Nc8 20. Rc6 Nd6 21. Rac1
Rf7 22. Be2 a6 23. R1c3 Bf8 24. Qc2 Ne8 25. Re6 Bd6 26. Rc6 Ng7 27. Rh6 Rd7 28.
g4 Qf8 29. h4 gxh4 30. Rxh4 Ne8 31. Rh5 Qf7 32. Bh4 Ng7 33. Rh6 Kg8 34. Bc4 Qf8
35. Bg5 Bc5+ 36. Kf1 Rd6 37. Qh2 b5 38. Bb3 Bd4 39. Rxh7 Rc8 40. Rh8+ 1-0

[Event "CCM5 - 12. ORDIX Open"]
[Site "Mainz"]
[Date "2005.??.??"]
[Round "1"]
[White "Beutel, Jens"]
[Black "Morozevich, Alexander"]
[Result "0-1"]
[WhiteElo "2044"]
[BlackElo "2728"]
[PlyCount "66"]
[EventDate "2005.??.??"]
[EventType "rapid"]
[EventCountry "GER"]
[Source "Mike Rosa"]
[SourceDate "2009.01.01"]

1. e4 c5 2. Nf3 a6 3. c4 e6 4. Nc3 Qc7 5. Be2 b6 6. d3 Bb7 7. O-O Nc6 8. Be3
Nf6 9. h3 Be7 10. Nd2 Nd4 11. f4 O-O 12. Bf3 Nxf3+ 13. Nxf3 d5 14. e5 d4 15.
exf6 Bxf6 16. Bd2 dxc3 17. Bxc3 Qxf4 18. Bxf6 Qxf6 19. Qe2 Rad8 20. Ne5 Qe7 21.
Rad1 f6 22. Ng4 e5 23. Ne3 g6 24. Qg4 Kh8 25. Nc2 f5 26. Qg3 f4 27. Qe1 Qg5 28.
Qf2 h5 29. Rd2 h4 30. Ne1 f3 31. Kh2 fxg2 32. Qxf8+ Rxf8 33. Rxf8+ Kg7 0-1

[Event "CCM5 - 12. ORDIX Open"]
[Site "Mainz"]
[Date "2005.??.??"]
[Round "1"]
[White "Dreev, Alexey"]
[Black "Hermann, Thomas"]
[Result "1-0"]
[WhiteElo "2698"]
[BlackElo "2131"]
[PlyCount "82"]
[EventDate "2005.??.??"]
[EventType "rapid"]
[EventCountry "GER"]
[Source "Mike Rosa"]
[SourceDate "2009.01.01"]

1. d4 Nf6 2. c4 g6 3. Nc3 d6 4. e4 Bg7 5. f3 O-O 6. Nge2 e5 7. Bg5 h6 8. Be3
Nc6 9. d5 Ne7 10. Qd2 Kh7 11. O-O-O Nfg8 12. g4 f5 13. h3 fxe4 14. fxe4 g5 15.
Ng3 Ng6 16. Nf5 Nf6 17. c5 Bxf5 18. gxf5 Nf4 19. Kb1 Rg8 20. Qc2 g4 21. hxg4
Nxg4 22. Bc1 Bf6 23. Bc4 Rg7 24. Rdf1 Qe7 25. Qb3 b6 26. cxd6 cxd6 27. Ba6 Rag8
28. Rf3 Bg5 29. Bf1 Nf6 30. Qd1 Rh8 31. Rg3 Rc8 32. Qf3 Kg8 33. Bd2 Qb7 34. Bb5
a6 35. Bc6 Qc7 36. a4 Qd8 37. Rgg1 b5 38. axb5 axb5 39. Nxb5 Rxc6 40. dxc6 d5
41. c7 Rxc7 1-0

[Event "CCM5 - 12. ORDIX Open"]
[Site "Mainz"]
[Date "2005.??.??"]
[Round "1"]
[White "Mueller, Reinhold"]
[Black "Grischuk, Alexander"]
[Result "0-1"]
[WhiteElo "2134"]
[BlackElo "2720"]
[PlyCount "254"]
[EventDate "2005.??.??"]
[EventType "rapid"]
[EventCountry "GER"]
[Source "Mike Rosa"]
[SourceDate "2009.01.01"]

1. d4 Nf6 2. c4 e6 3. Nf3 d5 4. g3 Bb4+ 5. Bd2 a5 6. Bg2 dxc4 7. a3 Be7 8. Qa4+
Bd7 9. Qxc4 Bc6 10. O-O O-O 11. Bf4 Nd5 12. Nc3 Nxf4 13. gxf4 Nd7 14. e4 Nf6
15. Qe2 b5 16. Ne5 Bb7 17. Nxb5 c6 18. Nc3 Qxd4 19. Rfd1 Qa7 20. Qc4 Bc5 21.
Rd2 a4 22. Nxa4 Bxf2+ 23. Rxf2 Qxa4 24. Rd2 c5 25. Qxa4 Rxa4 26. b3 Ra6 27. Nd7
Nxd7 28. Rxd7 Rb6 29. Rb1 g6 30. b4 Ra8 31. Rc7 Rxa3 32. Rxc5 Ra4 33. Rc4 Ra2
34. Rd4 Kg7 35. b5 Rc2 36. Rdb4 h6 37. h4 Kf8 38. R1b2 Rc1+ 39. Kf2 Ke7 40. e5
Bxg2 41. Kxg2 Rc5 42. Kf3 h5 43. Ke4 Rd5 44. R4b3 Ke8 45. Rb4 Kf8 46. R4b3 Ke7
47. Rb4 f6 48. exf6+ Kxf6 49. R4b3 Ke7 50. Rb4 Kf7 51. R4b3 Kf6 52. Rb4 Rf5 53.
R4b3 Rd5 54. Rb4 Rc5 55. R2b3 e5 56. Rf3 exf4 57. Rxf4+ Ke6 58. Ke3 Rbxb5 59.
Rbe4+ Re5 60. Kd4 Rb4+ 61. Kd3 Rb3+ 62. Kd4 Rbb5 63. Kd3 Rxe4 64. Kxe4 Rb3 65.
Kd4 Rh3 66. Ke4 Rg3 67. Kd4 Ra3 68. Ke4 Ra1 69. Kd4 Rb1 70. Ke4 Rd1 71. Rf3
Re1+ 72. Kd4 Ra1 73. Rf4 Ra5 74. Ke4 Rf5 75. Ke3 Ke5 76. Re4+ Kd5 77. Rd4+ Ke6
78. Re4+ Kf6 79. Rf4 Kf7 80. Ke4 Ke6 81. Ke3 Rb5 82. Ke4 Rf5 83. Ke3 Kf7 84.
Ke4 Kf6 85. Ke3 Kg7 86. Ke4 Ra5 87. Kd4 Ra1 88. Ke4 Re1+ 89. Kd4 Re6 90. Re4
Ra6 91. Ke5 Ra1 92. Rf4 Re1+ 93. Kd4 g5 94. hxg5 Kg6 95. Re4 Rf1 96. Ke3 Kxg5
97. Ke2 Rf8 98. Re5+ Kg4 99. Re4+ Kg3 100. Re7 Rf2+ 101. Ke3 Rf4 102. Rg7+ Rg4
103. Rf7 h4 104. Rf3+ Kg2 105. Rf2+ Kg1 106. Ra2 Rg3+ 107. Kf4 Rg2 108. Ra1+
Kh2 109. Kf3 h3 110. Rf1 Rg8 111. Rf2+ Kg1 112. Ra2 Rg2 113. Ra1+ Kh2 114. Rf1
Rg3+ 115. Kf2 Rg8 116. Ra1 Rf8+ 117. Ke3 Kg2 118. Ra2+ Kg3 119. Ra7 Re8+ 120.
Kd2 Rg8 121. Ra3+ Kg2 122. Re3 h2 123. Re2+ Kh3 124. Re1 Rg1 125. Re3+ Kg4 126.
Re4+ Kf5 127. Rh4 h1=Q 0-1

[Event "CCM5 - 12. ORDIX Open"]
[Site "Mainz"]
[Date "2005.??.??"]
[Round "1"]
[White "Osmanovic, Faruk"]
[Black "Shirov, Alexei"]
[Result "0-1"]
[WhiteElo "2131"]
[BlackElo "2705"]
[PlyCount "58"]
[EventDate "2005.??.??"]
[EventType "rapid"]
[EventCountry "GER"]
[Source "Mike Rosa"]
[SourceDate "2009.01.01"]

1. e4 e5 2. Nf3 Nc6 3. Bc4 Nf6 4. d4 exd4 5. Ng5 d5 6. exd5 Qe7+ 7. Qe2 Qxe2+
8. Kxe2 Ne5 9. Bb5+ c6 10. dxc6 bxc6 11. f4 cxb5 12. fxe5 Nd5 13. Rd1 Bc5 14.
c3 Bg4+ 15. Nf3 d3+ 16. Rxd3 O-O-O 17. a4 Bf5 18. Rd4 Bxd4 19. cxd4 Bxb1 20.
Rxb1 bxa4 21. Ra1 Nb6 22. Ra3 Kb7 23. Be3 f6 24. Nd2 Rhe8 25. Ne4 fxe5 26. Bg5
Rxd4 27. Nc5+ Kc6 28. Be3 Kxc5 29. Rc3+ Kb5 0-1

[Event "CCM5 - 12. ORDIX Open"]
[Site "Mainz"]
[Date "2005.??.??"]
[Round "1"]
[White "Sokolov, Ivan"]
[Black "Gundlach, Michael"]
[Result "1-0"]
[WhiteElo "2717"]
[BlackElo "2133"]
[PlyCount "137"]
[EventDate "2005.??.??"]
[EventType "rapid"]
[EventCountry "GER"]
[Source "Mike Rosa"]
[SourceDate "2009.01.01"]

1. d4 d6 2. Bg5 h6 3. Bh4 g6 4. e4 Bg7 5. c3 Nf6 6. Nd2 e5 7. dxe5 dxe5 8. Ngf3
Nbd7 9. Bc4 O-O 10. Qc2 c6 11. a4 a5 12. O-O Qe8 13. b4 Nh5 14. Rfe1 Nf4 15.
Nb3 axb4 16. cxb4 Nb6 17. a5 Nxc4 18. Qxc4 Be6 19. Qc2 Bxb3 20. Qxb3 Qe6 21.
Qxe6 Nxe6 22. Red1 f6 23. Rd6 Rfe8 24. Rd7 g5 25. Bg3 Rab8 26. Ne1 Bf8 27. Nc2
Red8 28. Rad1 Rxd7 29. Rxd7 Rd8 30. Rxd8 Nxd8 31. f3 Ne6 32. Kf1 Kf7 33. Ke2
Ke8 34. Kd3 Kd7 35. Kc4 Nc7 36. Bf2 Nb5 37. h4 Nd6+ 38. Kd3 Be7 39. h5 Bf8 40.
g4 Nb5 41. Kc4 Nd6+ 42. Kb3 Nb5 43. Bb6 Be7 44. Ne3 Bf8 45. Kc4 Nd6+ 46. Kd3
Nb5 47. Nf5 Nd6 48. Bc5 Nxf5 49. Bxf8 Nd4 50. Ke3 Ke8 51. Bc5 Ne6 52. Bb6 Kd7
53. Kd2 Nf8 54. Kc3 Ne6 55. Kc4 Nf8 56. b5 Ne6 57. Be3 cxb5+ 58. Kxb5 Kc7 59.
Bb6+ Kd7 60. Bf2 Kc7 61. Be3 Kd7 62. Kb6 Kc8 63. Bc1 Nd4 64. Ba3 Ne6 65. Be7
Nd4 66. Bxf6 Nxf3 67. Bg7 Nh2 68. Bxh6 Nxg4 69. Bxg5 1-0

[Event "CCM5 - 12. ORDIX Open"]
[Site "Mainz"]
[Date "2005.??.??"]
[Round "1"]
[White "Warter, Siegfried"]
[Black "Radjabov, Teimour"]
[Result "0-1"]
[WhiteElo "2130"]
[BlackElo "2682"]
[PlyCount "50"]
[EventDate "2005.??.??"]
[EventType "rapid"]
[EventCountry "GER"]
[Source "Mike Rosa"]
[SourceDate "2009.01.01"]

1. e4 c5 2. Nf3 Nc6 3. Bb5 e6 4. Bxc6 bxc6 5. d3 Ne7 6. O-O Ng6 7. b3 d6 8. Bb2
e5 9. c3 Ba6 10. Re1 Nf4 11. Re3 Be7 12. d4 f6 13. g3 Ne6 14. d5 cxd5 15. Qxd5
Qc8 16. Nbd2 Bb7 17. Qd3 O-O 18. Nh4 g6 19. Ng2 Qc7 20. Qc4 Qd7 21. Rd1 Rad8
22. Nf1 Kg7 23. Red3 Ng5 24. Qxc5 Bxe4 25. Qe3 Qb7 0-1

[Event "CCM5 - 12. ORDIX Open"]
[Site "Mainz"]
[Date "2005.??.??"]
[Round "2"]
[White "Bayer, Dorota"]
[Black "Aronian, Levon"]
[Result "0-1"]
[WhiteElo "2259"]
[BlackElo "2724"]
[PlyCount "48"]
[EventDate "2005.??.??"]
[EventType "rapid"]
[EventCountry "GER"]
[Source "Mike Rosa"]
[SourceDate "2009.01.01"]

1. e4 c5 2. Nf3 d6 3. d4 cxd4 4. Nxd4 Nf6 5. Nc3 a6 6. Be3 e5 7. Nb3 Be6 8. f3
Nbd7 9. Qd2 b5 10. g4 Nb6 11. Qf2 Nfd7 12. O-O-O Rc8 13. Kb1 Rxc3 14. bxc3 Na4
15. Bd2 Qc7 16. Qe3 Ndb6 17. Ka1 d5 18. f4 d4 19. cxd4 Qxc2 20. Rb1 Ba3 21. Bc1
Nc3 22. Bxb5+ axb5 23. Bb2 Nxb1 24. Rxb1 Bxb3 0-1

[Event "CCM5 - 12. ORDIX Open"]
[Site "Mainz"]
[Date "2005.??.??"]
[Round "2"]
[White "Grischuk, Alexander"]
[Black "Lorenz, Roger"]
[Result "1-0"]
[WhiteElo "2720"]
[BlackElo "2259"]
[PlyCount "55"]
[EventDate "2005.??.??"]
[EventType "rapid"]
[EventCountry "GER"]
[Source "Mike Rosa"]
[SourceDate "2009.01.01"]

1. e4 e6 2. d4 d5 3. Nc3 Nf6 4. e5 Nfd7 5. f4 c5 6. Nf3 Nc6 7. Be3 cxd4 8. Nxd4
Bc5 9. Qd2 O-O 10. O-O-O a6 11. Qf2 Nxd4 12. Bxd4 Qe7 13. Bd3 Bxd4 14. Qxd4 b5
15. Ne4 f6 16. exf6 Nxf6 17. Ng5 h6 18. Nf3 Bd7 19. Rhe1 Qd6 20. Ne5 b4 21. g4
Bb5 22. Bg6 Nh7 23. h4 Rfc8 24. g5 hxg5 25. hxg5 Rc7 26. Bxh7+ Kxh7 27. Rh1+
Kg8 28. Rd2 1-0